Top 20 Billboard - 1980 - Statistiques

Statistiques générales
  • Ce quiz a été pris 14 fois
  • Le résultat moyen est 3 sur 20
Statistiques - réponses
Date de Parution Titres Artistes % Correct
2 Novembre 1979 Another Brick in the Wall (Part II) Pink Floyd
69%
4 Octobre 1979 Rock with You Michael Jackson
62%
6 Décembre 1979 (UK)Octobre 1979 (US) Crazy Little Thing Called Love Queen
62%
18 Juin 1980 Upside Down Diana Ross
54%
1 Janvier 1980 Call Me Blondie
38%
17 Février 1980 Ride Like the Wind Christopher Cross
15%
10 Mars 1980 The Rose Bette Midler
8%
8 Mars 1980 Funkytown Lipps Inc.
8%
13 Août 1979 Cruisin Smokey Robinson
8%
14 Décembre 1979 Working My Way Back to You/ ForgiveMe, Girl The Spinners
8%
15 1979 (Australie)Janvier 1980 (US) Lost in Love Air Supply
0%
9 Mai 1980 It's Still Rock and Roll to You Billy Joel
0%
5 Octobre 1979 (US)Janvier 1980 (UK) Do That to Me One More Time Captain & Tennille
0%
16 Mai 1980 Little Jeannie Elton John
0%
12 Août 1979 Cars Gary Numan
0%
19 Juin 1979 Please Don't Go KC and the Sunshine Band
0%
3 Mai 1980 Magic Olivia Newton-John
0%
7 Avril 1980 Coming Up Paul McCartney
0%
11 Septembre 1979 Escape (The Piña Colada Song) Rupert Holmes
0%
20 Septembre 1979 Babe Styx
0%
Aucun quiz correspondant
Distribution des résultats
% des personnes avec chaque résultat
Percentile par nombre de réponses
Votre historique - résultats
Vous n’avez pas pris ce quiz